1560 1842 1167 1226 1090 1110 1420 1154 1737 1920 1972 1565 1647 1830 1070 1648 1135 1092 1105 1477 1689 1265 1772 1500 1037 1027 1191 1826 1546 1290 1053 1246 1427 1493 1658 1730 1557 1456 1414 1838 1376 1461 1458 1405 1944 1621 1633 1187 1206 1594 1650 1210 1318 1536 1623 1185 1239 1567 1934 1703 1668 1874 1190 1361 1741 1260 1278 1598 1138 1329 1507 1761 1160 1445 1300 1971 1471 1268 1906 1058 1585 1037 1790 1460 1768 1689 1303 1022 1778 1557 1614 1045 1372 1746 1944 1924 1123 1392 1595 BCNSPRNW ULIB Ver.6.0+V

เปลี่ยนเป็นภาษาไทย

Change to English
 แสดงรายละเอียดบรรณานุกรม
  กลับหน้าหลัก

Brief Record : Get Marc (ISO 2709) : E-mail record : QR code < ปิดหน้าต่าง
LEADER : 00000nam 2200000uu 4500
001    13399125831
003     ULIB
008    020711s2017 th a 000 0 eng d
020    ^a9780071792257
060    ^aWS17^bP-W
100    ^aProse, Neil s.
245    ^aWeinberg's Color atlas of Pediatric Dermatology/^cProse, Neil s.
250    ^a5th ed
260    ^aNew York :^bMcGraw-hill,^c2017
300    ^a363 pages;^c30 cm
650    ^aSkin Diseases ^yInfant^zAtlases
650  0 ^aChild
945    ^p4666^l0^i003208
999    ^aประนอม เกษจรัล
รายการนี้ยังไม่มีแท็ก
คุณยังไม่ได้ล็อกอิน คุณสามารถมีกิจกรรมร่วมกับเว็บไซต์ได้ แต่ต้องล็อกอินก่อน ::
  ล็อกอิน

รายการสื่อสารสนเทศ

ลำดับที่ ประเภท เลขเรียก/บาร์โค้ด สถานที่ สถานะ
1. วิทยาศาสตร์การแพทย์ และสุขภาพ
หนังสือสำรอง
สถานะ=หนังสือสำรอง
WS17 P-W ฉ.1 
  Barcode: 003208
ห้องสมุดวิทยาเขตสวรรค์ประชารักษ์
►หนังสือทั่วไป
บนชั้น

รายการใกล้เคียง
    หัวเรื่อง [Child]

BibComment


ยังไม่เคยถูกคอมเมนท์

คอมเมนท์ทรัพยากรรายการนี้
  คอมเมนท์: Weinbergs Color ..


 Copyright 2026. Bcnsprnw @Library